| 000 | 00989nam a2200265Ia 4500 | ||
|---|---|---|---|
| 003 | OSt | ||
| 005 | 20220923211524.0 | ||
| 006 | a|||||r|||| 00| 0 | ||
| 007 | ta | ||
| 008 | 220922b |||||||| |||| 00| 0 san d | ||
| 020 |
_a9789381189290 (hbk) _c1000 |
||
| 024 | _a281,839 | ||
| 037 |
_b196, 17/11/2014, Vidyanidhi Prakashan _cTextual |
||
| 040 |
_aARTS _cARTS _bsan |
||
| 041 |
_2san _asan |
||
| 082 | _aR66xH50,1, 152Q4 | ||
| 100 |
_aविद्यारणय; शर्मा, श्रीनिवास, संपा. _9160686 |
||
| 245 | 0 | _aपच्´दशी | |
| 246 | _aPach´dashī | ||
| 260 |
_aवाराणसी _b भारतीय विद्या संस्थान _c2014 |
||
| 300 |
_a742पृ0 _ccm. |
||
| 650 | _aधर्म | ||
| 942 |
_hR66xH50,1, 152Q4 _cTEXL _2CC |
||
| 999 |
_c300397 _d300397 |
||